Bitwa o Monte Cassino w poezji polskiej 1944 roku / (Rekord nr 10436)
| 000 -ETYKIETA REKORDU | |
|---|---|
| podpole kontrolne o stałej długości | 00904naa a2200169 i 4500 |
| 001 - NUMER KONTROLNY REKORDU | |
| podpole kontrolne | 10436 |
| 003 - IDENTYFIKATOR NUMERU KONTROLNEGO REKORDU | |
| podpole kontrolne | KOSZ 005 |
| 005 - DATA OSTATNIEJ MODYFIKACJI REKORDU | |
| podpole kontrolne | 20180423115512.0 |
| 008 - POLE O STAŁEJ DŁUGOŚCI - DANE KONTROLNE | |
| podpole kontrolne o stałej długości | 180423s2000 pl a f |100 0 pol |
| 040 ## - ŹRÓDŁO KATALOGOWANIA | |
| Instytucja, która sporządziła opis | KOSZ 005/AR |
| Instytucja, która utworzyła rekord | KOSZ 005/AR |
| 100 1# - NAZWA OSOBOWA | |
| Nazwa osobowa | MŁYNARCZYK, Aneta. |
| Lata pracy | 1999 - 2009. |
| Instytucja | Politechnika Koszalińska - Wydział Ekonomii i Zarządzania, |
| Wydział | Katedra Nauk Humanistycznych i Stosunków Międzynarodowych |
| 245 10 - TYTUŁ/ODPOWIEDZIALNOŚĆ | |
| Tytuł | Bitwa o Monte Cassino w poezji polskiej 1944 roku / |
| Pozostałe elementy strefy tytułu i oznaczenia odpowiedzialności | Aneta Młynarczyk. |
| 655 #0 - TERMIN INDEKSOWY - OKREŚLENIE RODZAJU/FORMY DOKUMENTU | |
| Określnie rodzaju/formy dokumentu | Materiały konferencyjne. |
| 711 22 - HASŁO DODATKOWE - NAZWA IMPREZY | |
| Nazwa imprezy | Bitwa o Monte Cassino 1944 : geneza, przebieg, opinie |
| Oznaczenie części/sekcji dzieła | (1 ; |
| Data imprezy | 11 grudnia 2000 ; |
| Miejsce imprezy | Koszalin/Polska) |
| 773 0# - TYTUŁ DOKUMENTU MACIERZYSTEGO | |
| Wyrażenie wprowadzające | W : |
| Tytuł | Bitwa o Monte Cassino 1944 : geneza, przebieg, opinie : I konferencja naukowa, Koszalin, 11 grudnia 2000 r. T. 1 / red. Bogusław Polak. - |
| Adres wydawniczy | Koszalin : Wydaw. Uczelniane PK, 2000. - |
| Informacje dotyczące relacji | s. 269-277 |
| ISBN | 8388283510 |
| 942 ## - HASŁO DODATKOWE - ELEMENTY(KOHA) | |
| Schemat klasyfikacji | Uniwersalna klasyfikacja dziesiętna |
| Typ dokumentu | Rozdział |
Brak dostępnych egzemplarzy.
